[Event "Canaries olJ U16"]
[Site "?"]
[Date "1995.??.??"]
[Round "?"]
[White "Bakhtadze, Giorgi"]
[Black "Svicevic, Rastko"]
[Result "1-0"]
[WhiteElo "2275"]
[BlackElo "2265"]

1.e4 c5 2.Nf3 Nc6 3.Bb5 g6 4.O-O Bg7 5.Re1 e5 6.Bxc6 dxc6 7.b3 Ne7 8.Bb2 Qc7
9.d3 O-O 10.Nbd2 Be6 11.Qe2 h6 12.a4 a5 13.Rad1 Rad8 14.Nc4 f6 15.Nfd2 Nc8
16.Qe3 b6 17.Rf1 h5 18.f4 exf4 19.Qxf4 Qxf4 20.Rxf4 f5 21.Bxg7 Kxg7 22.exf5 Bxf5
23.Re1 Rde8 24.Rxe8 Rxe8 25.Kf2 Ne7 26.Nxb6 g5 27.Rf3 Bg4 28.Re3 Rf8+ 29.Kg1 Nf5
30.Re5 Nd4 31.h3 Bd1 32.Rxg5+ Kh6 33.Rxc5 Bxc2 34.Rc4 Rf4 35.g3 Ne2+ 36.Kg2 Rxc4
37.Nbxc4 Bxd3 38.Nxa5 Nd4 39.Kf2 Bc2 40.Nb7 Nxb3 41.Nxb3 Bxb3 42.Nc5 Bc4
43.a5 Kg5 44.a6 Bxa6 45.Nxa6 h4 46.g4 Kf4 47.Nb4  1-0

[Event "Cannes op"]
[Site "Cannes"]
[Date "1995.??.??"]
[Round "1"]
[White "Prie, Eric"]
[Black "Koerholz, Ludger"]
[Result "1-0"]
[WhiteElo "2480"]
[BlackElo "2350"]

1.e4 c5 2.Nf3 Nc6 3.Bb5 g6 4.Bxc6 bxc6 5.O-O Bg7 6.Re1 Nh6 7.c3 O-O 8.d4 cxd4
9.cxd4 f6 10.d5 Bb7 11.dxc6 Bxc6 12.Nd4 Rc8 13.Nxc6 Rxc6 14.Nc3 Nf7 15.Bf4 f5
16.Bg3 Nd6 17.Bxd6 Rxd6 18.Qb3+ e6 19.Rad1 Rxd1 20.Rxd1 fxe4 21.Nxe4 Qh4
22.Qe3 Bh6 23.Qe2 Qe7 24.g3 d5 25.Nc3 Qd6 26.Nb5 Qb6 27.Nd4 Re8 28.Nf3 Bg7
29.Rxd5 Qxb2 30.Rd2 Qb1+ 31.Kg2 Qb7 32.Rd3 Bf6 33.Re3 Qd5 34.Re4 Re7 35.h4 Kf7
36.Kh2 Rb7 37.Ne5+ Bxe5 38.Rxe5 Qc6 39.h5 Rb6 40.Re4 Ke7 41.Qe3 Ke8 42.hxg6 hxg6
43.Rh4 Kd7 44.Rh7+ Ke8 45.Qe5 Qd6 46.Qg7  1-0

[Event "Cannes Martinez op"]
[Site "Cannes"]
[Date "1995.??.??"]
[Round "2"]
[White "Schmitt, Fabien"]
[Black "Bes, Stephane"]
[Result "0-1"]
[WhiteElo "1720"]
[BlackElo "2240"]

1.e4 c5 2.Nf3 Nc6 3.Bb5 e6 4.Bxc6 bxc6 5.O-O Ne7 6.Nc3 Ng6 7.e5 Be7 8.Re1 f6
9.exf6 Bxf6 10.Ne4 Qe7 11.Nxf6+ Qxf6 12.d4 cxd4 13.Qxd4 O-O 14.Qxf6 gxf6
15.c4 d5 16.Bh6 Rf7 17.Nd4 Ne5 18.Rad1 dxc4 19.Re4 c5 20.Nb5 Bb7 21.Re3 Kh8
22.Rg3 Bd5 23.Bf4 Nd3 24.Bc1 Nxc1 25.Rxc1 Rb8 26.a4 a6 27.Na3 Rxb2 28.Rd1 Rb3
29.Rb1 Rfb7 30.Rbxb3 cxb3 31.a5 c4  0-1

[Event "Cannes op"]
[Site "Cannes"]
[Date "1995.??.??"]
[Round "5"]
[White "Moal, Alain"]
[Black "Weindl, Alfred"]
[Result "1/2-1/2"]
[WhiteElo "2325"]
[BlackElo "2385"]

1.e4 c5 2.Nf3 Nc6 3.Bb5 e6 4.O-O Nge7 5.c3 a6 6.Ba4 c4 7.d4 cxd3 8.c4 Ng6
9.Qxd3 Be7 10.Nc3 O-O 11.Be3 d6 12.Rad1 Qc7 13.Qe2 Bd7 14.Bxc6 bxc6 15.Qd2 Rfd8
16.h4 e5 17.h5 Nf8 18.Nh2 Ne6 19.Rfe1 h6 20.Nf1 Nd4 21.Bxd4 exd4 22.Qxd4 Bg4
23.Rd2 Bf6 24.Qd3 Bxh5 25.Ng3 Bg4 26.Nf5 Bg5 27.Ne3 Be6 28.Red1 Qa5 29.b3 Qc5
30.Ne2 a5 31.Nd4 a4 32.b4 Qb6 33.Nxe6 fxe6 34.a3 Ra7 35.Re2 Rf7 36.Nc2 e5
37.Ne3 g6 38.Qc2 Rdf8 39.Rxd6 Rxf2 40.c5 Bxe3 41.Qc4+ Kh8 42.Rxe3 Qc7 43.Qe6 Qg7
44.Qxg6 Rf1+ 45.Kh2 Qxg6 46.Rxg6 R8f6 47.Rxf6 Rxf6 48.Rf3 Rg6 49.Rf5 Kg7
50.Kh3 Re6 51.Rf3 Re7 52.Rd3 Rf7 53.Rd6 Rf4 54.Rxc6 Rxe4 55.Ra6 Rc4 56.c6 Kf6
57.b5 Ke7 58.Kg3 Kd6 59.Ra8 Kc7 60.Kf3 Rc3+ 61.Ke4 Rxa3 62.Ra7+ Kd6 63.Rd7+ Ke6
64.b6 Rb3 65.b7 a3 66.c7 Rb4+ 67.Kd3 Rxb7  1/2-1/2

[Event "Cannes op"]
[Site "Cannes"]
[Date "1995.??.??"]
[Round "5"]
[White "Prie, Eric"]
[Black "Jelen, Igor"]
[Result "1/2-1/2"]
[WhiteElo "2480"]
[BlackElo "2360"]

1.e4 c5 2.Nf3 Nc6 3.Bb5 g6 4.Bxc6 dxc6 5.d3 Bg7 6.Nc3 Nf6 7.Be3 Nd7 8.Qd2 e5
9.h4 f6 10.h5 Qe7 11.Nh4 Nb6 12.hxg6 hxg6 13.O-O-O Kf7 14.g3 g5 15.Nf5 Bxf5
16.exf5 Nd5 17.Ne4 b6 18.c4 Nxe3 19.Qxe3 Rxh1 20.Rxh1 Rh8 21.Rxh8 Bxh8 22.Qf3 Qf8
23.Nc3 Qc8 24.Qh5+ Kg8 25.Qg6+ Kf8 26.Ne4 Qe8 27.Qxe8+ Kxe8 28.Kd2 Bg7 29.Ke2 Kf7
30.Nd6+ Ke7 31.Ne4 Bf8 32.a3 Kf7 33.Kd2 Be7 34.Kc3 a5 35.Kb3 Ke8 36.Nc3 Kd7
37.Na4 Kc7 38.Kc2 Bd8 39.Kc3 Kd7 40.b4 cxb4+ 41.axb4 axb4+ 42.Kxb4 Be7+ 43.Kb3 b5
44.Nc3 b4 45.Ne4 c5 46.Nd2 Kc6 47.Nf1 Bd8 48.Ne3 Kd6 49.f3 Kc6  1/2-1/2

[Event "Cannes op"]
[Site "Cannes"]
[Date "1995.??.??"]
[Round "5"]
[White "Dunnington, Angus J"]
[Black "Caposciutti, Maurizio"]
[Result "1/2-1/2"]
[WhiteElo "2380"]
[BlackElo "2325"]

1.e4 c5 2.Nf3 Nc6 3.Bb5 g6 4.Bxc6 dxc6 5.d3 Bg7 6.h3 Nf6 7.Nc3 Nd7 8.Be3 e5
9.Qd2 b6 10.Bh6 Qf6 11.O-O O-O 12.Nh2 Bxh6 13.Qxh6 Qf4 14.Ng4 Qxh6 15.Nxh6+ Kg7
16.Ng4 Re8 17.a4 Nf8 18.Ne3 Ne6 19.Ne2 Nd4 20.Nxd4 cxd4 21.Nc4 Ba6 22.b3 f5
23.f3 f4 24.Kf2  1/2-1/2

[Event "Cannes Martinez op"]
[Site "Cannes"]
[Date "1995.??.??"]
[Round "6"]
[White "Lamorelle, Yves"]
[Black "Corrigan, Francis"]
[Result "1/2-1/2"]
[WhiteElo "2215"]
[BlackElo "2055"]

1.e4 c5 2.Nf3 Nc6 3.Bb5 g6 4.O-O Bg7 5.Re1 Qb6 6.a4 a6 7.Bxc6 Qxc6 8.d4 d6
9.Nc3 Bg4 10.dxc5 Qxc5 11.Nd5 Nf6 12.Be3 Qc6 13.Bg5 h6 14.Bxf6 Bxf6 15.h3 Bxf3
16.Nxf6+ exf6 17.Qxf3 Qxc2 18.Re2 Qc5 19.Qxf6 O-O 20.Re3 Rae8 21.b3 Qb4 22.Rae1 Re6
23.Qf3 b5 24.axb5 axb5 25.Rc1 Rfe8 26.Rc7 R6e7 27.Rxe7 Rxe7 28.g4 Qd4 29.Kg2 b4
30.Qe2 Rc7 31.Rd3 Qf6 32.Qd2  1/2-1/2

[Event "Cannes op"]
[Site "Cannes"]
[Date "1995.??.??"]
[Round "7"]
[White "Landenbergue, Claude"]
[Black "Koerholz, Ludger"]
[Result "1-0"]
[WhiteElo "2430"]
[BlackElo "2350"]

1.e4 c5 2.Nf3 Nc6 3.Bb5 g6 4.c3 Nf6 5.Qe2 Bg7 6.O-O O-O 7.d4 cxd4 8.cxd4 d5
9.e5 Ne4 10.Nc3 Nxc3 11.bxc3 Bg4 12.h3 Bxf3 13.Qxf3 Rc8 14.h4 Qa5 15.Be2 f6
16.exf6 Bxf6 17.Qh3 e5 18.Rb1 exd4 19.Rxb7 dxc3 20.Qd7 Ne7 21.Qe6+ Kh8 22.Bg5 Bxg5
23.hxg5 Rce8 24.Rxe7 Rxe7 25.Qxe7 Qd8 26.Qe5+ Kg8 27.Bg4 Re8 28.Be6+ Kf8
29.Qh8+ Ke7 30.Qe5 c2 31.Rc1  1-0

[Event "Cannes Martinez op"]
[Site "Cannes"]
[Date "1995.??.??"]
[Round "7"]
[White "Mueller, Achim"]
[Black "Poesson, Thierry"]
[Result "1/2-1/2"]
[WhiteElo "2185"]
[BlackElo "2080"]

1.e4 c5 2.Nf3 Nc6 3.Bb5 e6 4.Bxc6 bxc6 5.O-O d5 6.d3 Nf6 7.Nbd2 Be7 8.Qe2 O-O
9.b3 Nd7 10.Bb2 Bf6 11.e5 Be7 12.Rfe1 Rb8 13.Nf1 Re8 14.N3d2 f5 15.f4 g6
16.Ne3 Rf8 17.Rf1 Rf7 18.Rf2 Ba6 19.Kh1 Qa5 20.Nf3 c4 21.dxc4 Nc5 22.Nd4 Qb6
23.Rff1 Re8 24.Rfd1 Bf8 25.a4 Ne4 26.Rab1 Bb4 27.Nf3 Bc3 28.Rf1 Rd7 29.Ba3 Bb4
30.Bxb4 Qxb4 31.Qe1 Qc3 32.Qxc3 Nxc3 33.Rbe1 Red8 34.Kg1 dxc4 35.Nxc4 Bxc4
36.bxc4 h6 37.Re3 Ne4 38.c3 Rd3 39.Rxd3 Rxd3 40.Nd4 Nxc3 41.Nxc6  1/2-1/2

[Event "Cannes op"]
[Site "Cannes"]
[Date "1995.??.??"]
[Round "8"]
[White "Boyd, Stephen"]
[Black "Mednis, Edmar John"]
[Result "0-1"]
[WhiteElo "2275"]
[BlackElo "2410"]

1.e4 c5 2.Nf3 Nc6 3.Bb5 g6 4.O-O Bg7 5.c3 Nf6 6.d4 cxd4 7.cxd4 Nxe4 8.d5 Nd6
9.Bd3 Nb4 10.Nc3 O-O 11.Re1 b6 12.Bf4 Bb7 13.Ne5 Rc8 14.Bf1 Rc5 15.Nd3 Nxd3
16.Qxd3 Nc4 17.d6 Nxd6 18.Rxe7 Qxe7 19.Bxd6 Qe6 20.Rd1 Rd5 21.Nxd5 Qxd6 22.b3 Re8
23.g3 Bc6 24.Bg2 Qe5 25.Bf3 b5 26.b4 h5 27.h4 Qb2 28.a3 Qe5 29.Kg2 Re6 30.Rd2 Kh8
31.Nf4 Rf6 32.Re2 Qb8 33.Bxc6 dxc6 34.Qd7 Qd6 35.Qe8+ Qf8 36.Qd7 Qd6 37.Re8+ Kh7
38.Qxa7 Rf5 39.Re7 Qf6 40.Nh3 Bh6 41.Ng5+ Bxg5 42.hxg5 Rxf2+ 43.Qxf2 Qxe7
44.Qf4 Qe2+ 45.Kg1 Kg8 46.Qb8+ Kg7 47.Qf4 Qd3 48.Qe5+ Kh7 49.Qf4 Qd5 50.Qe3 Kg7
51.Qc3+ Kf8 52.Qe3 Qe6 53.Qf4 Qe1+ 54.Kg2 Qc3 55.Qd6+ Kg7 56.Kh3 Qxa3 57.Qf6+ Kg8
58.Qd8+ Kh7 59.Qe7 Qa2 60.Qc5 Qd5 61.Qxd5 cxd5 62.Kg2 Kg7 63.Kf3 f6  0-1

[Event "Cappelle op"]
[Site "Cappelle la Grande"]
[Date "1995.??.??"]
[Round "1"]
[White "Nikolenko, Oleg"]
[Black "Beckhuis, Gernod"]
[Result "1-0"]
[WhiteElo "2480"]
[BlackElo "2265"]

1.e4 c5 2.Nf3 Nc6 3.Bb5 g6 4.O-O Bg7 5.Re1 e5 6.Bxc6 dxc6 7.h3 f6 8.c3 Nh6
9.d4 cxd4 10.cxd4 Nf7 11.Be3 O-O 12.Qb3 Qe7 13.Nc3 Be6 14.d5 cxd5 15.exd5 Bd7
16.Rad1 b6 17.d6 Qe6 18.Nd5 Nxd6 19.Qb4 Ne8 20.Qa3 Bc6 21.Ne7+ Kf7 22.Nxc6 Qxc6
23.Qb3+ Ke7 24.Nd4 Qd7 25.Bd2 a5 26.Qxb6 Nd6 27.Bxa5 Rfc8 28.Bb4 Rab8 29.Nf5+  1-0

[Event "Cappelle op"]
[Site "Cappelle la Grande"]
[Date "1995.??.??"]
[Round "2"]
[White "Thierry, Patrice"]
[Black "Abolianin, Arthur"]
[Result "0-1"]
[WhiteElo "2155"]
[BlackElo "2275"]

1.e4 c5 2.Nf3 Nc6 3.Bb5 g6 4.O-O Bg7 5.c3 Qb6 6.Ba4 Nf6 7.Re1 O-O 8.d4 cxd4
9.cxd4 d5 10.e5 Ne4 11.Nc3 Nxc3 12.bxc3 Bg4 13.h3 Bxf3 14.Qxf3 Nxd4 15.Qxd5 Rfd8
16.Qe4 Qa5 17.Bb2 Ne6 18.Bb3 Nc5 19.Qf3 Nd3 20.Qxf7+ Kh8 21.Re2 Nxb2 22.Rxb2 Qxc3
23.Rab1 Qxe5 24.Rc2 b6 25.Rbc1 Rf8 26.Qe6 Qxe6 27.Bxe6 Bd4 28.Kf1 Bc5 29.Rd1 Rad8
30.Rxd8 Rxd8 31.Ke2 Rd4 32.f3 Kg7 33.Rc4 Rd6 34.Re4 Kf6 35.Bc4 e5 36.Bd3 Bd4
37.f4 Rc6 38.fxe5+ Bxe5 39.Rc4 Re6 40.Be4 Bd6 41.Kd3 Bc5 42.Rc2 Rd6+ 43.Ke2 Rd4
44.Bf3 Ke5 45.Rd2 Ra4 46.Bd5 Rf4 47.Bf3 Rb4 48.Bd5 a5 49.Bf3 a4 50.Kd3 Rd4+
51.Kc2 Rc4+ 52.Kd3 Rd4+ 53.Kc2 Rb4 54.Re2+ Kf4 55.Kd3 Rd4+ 56.Kc3 b5 57.Bc6 b4+
58.Kb2 a3+ 59.Kc2 Rc4+ 60.Kb3 Rc3+ 61.Ka4 Rc1 62.Bd5 Kg3 63.Be4 Rc3 64.Bd5 Rd3
65.Be4 Rc3 66.Bd5 g5 67.Be4 h6 68.Bd5 Rc1 69.Be4 Bd6 70.Bd3 Rd1 71.Be4 Rd4
72.Bf5 Bf4 73.Kb3 Bd2 74.Bc2 Bc3 75.Bf5 Rf4 76.Bc2 Rf1 77.Bg6 Rg1 78.Be4 h5
79.Kc2 g4 80.hxg4 hxg4 81.Kb3 Rf1 82.Bd3 Rf4 83.Kc2 Kh2 84.Be4 g3 85.Kd3 Rf2
86.Rc2 Rf1 87.Ke2 Re1+ 88.Kd3 Rxe4 89.Kxe4 Bb2 90.Kd3 b3 91.axb3 a2 92.Rxb2 a1=Q
93.Kc3 Qxb2+  0-1

[Event "Cappelle op"]
[Site "Cappelle la Grande"]
[Date "1995.??.??"]
[Round "2"]
[White "Kazhgaleyev, Murtas"]
[Black "Nataf, Igor Alexandre"]
[Result "1-0"]
[WhiteElo "2495"]
[BlackElo "2340"]

1.e4 c5 2.Nf3 Nc6 3.Bb5 Na5 4.c3 a6 5.Be2 Nf6 6.e5 Nd5 7.O-O e6 8.d4 cxd4
9.cxd4 Be7 10.Nc3 O-O 11.Bd3 b5 12.Qc2 g6 13.Nxd5 exd5 14.Bh6 Re8 15.Rfe1 Bb7
16.Qc1 Nc6 17.Qf4 Bf8 18.Re3 Re6 19.Ng5 f5 20.Bxf8 Qxf8 21.Nxe6 dxe6 22.a3 Qd8
23.Rc1 Kh8 24.h4 Rc8 25.Bf1 Kg7 26.Qg5 Qf8 27.h5 Qd8 28.Qxd8 Rxd8 29.Rec3 Rc8
30.a4 b4 31.Rc5 Ne7 32.Rxc8 Bxc8 33.Rc7 Kf8 34.Ra7  1-0

[Event "Cappelle op"]
[Site "Cappelle la Grande"]
[Date "1995.??.??"]
[Round "2"]
[White "Zaitsev, Igor A"]
[Black "Sveshnikov, Evgeny"]
[Result "1/2-1/2"]
[WhiteElo "2455"]
[BlackElo "2560"]

1.e4 c5 2.Nf3 Nc6 3.Bb5 e6 4.O-O Nge7 5.c3 d5 6.exd5 Qxd5 7.d4 cxd4 8.c4 Qd6
9.Nxd4 Bd7 10.Bxc6 Nxc6 11.Nb5 Qxd1 12.Rxd1 O-O-O 13.N1c3 a6 14.Nd6+ Bxd6
15.Rxd6 Ne5 16.b3 Bc6 17.Ba3 Ng6 18.Rad1 Nh4 19.Rxd8+ Rxd8 20.Rxd8+ Kxd8
21.f3 g5 22.Kf2 h5 23.Bb2 Ke7 24.Ne2 Ng6 25.Nd4 Bd7 26.Ba3+ Kf6 27.Ne2 Bc6
28.g3 e5 29.Bc1 Kf5 30.h3 g4 31.fxg4+ hxg4 32.h4 Nf8 33.Nc3 Nd7 34.Be3 Nf6
35.b4 b5 36.cxb5 axb5 37.Bg5 Ne8 38.Be7 Ke6 39.Bc5 Nf6 40.Be3 Kf5 41.Bg5 Ne8
42.a4 bxa4 43.b5 Bd7 44.b6 Nd6 45.Be7 Nb7 46.h5 Bc6 47.Ke2 Na5 48.Kd3 e4+
49.Kd4 Nb3+ 50.Ke3 Na5 51.Kd4 Bb7 52.Bf8 Nc6+ 53.Ke3 Ne5 54.Nxa4 Bc6 55.h6 Kg6
56.Nc3 Nd7 57.Bg7 Nxb6 58.Nxe4 Nc4+ 59.Kd4 Bxe4 60.Kxc4  1/2-1/2

[Event "Cappelle op"]
[Site "Cappelle la Grande"]
[Date "1995.??.??"]
[Round "3"]
[White "Tseshkovsky, Vitaly"]
[Black "Czebe, Attila"]
[Result "1-0"]
[WhiteElo "2530"]
[BlackElo "2430"]

1.e4 c5 2.Nf3 Nc6 3.Bb5 g6 4.Bxc6 dxc6 5.d3 Bg7 6.h3 e5 7.a4 a5 8.Na3 Ne7
9.Be3 b6 10.Nc4 Qc7 11.b4 b5 12.axb5 cxb5 13.Rxa5 Rb8 14.Ncd2 Nc6 15.Ra1 Nxb4
16.O-O O-O 17.Qb1 f5 18.Nb3 Na6 19.exf5 c4 20.f6 Bxf6 21.Nbd2 Nc5 22.dxc4 bxc4
23.Qa2 Be6 24.Qa7 Qxa7 25.Rxa7 Rb5 26.Bxc5 Rxc5 27.Ne4 Rb5 28.Ra6  1-0

[Event "Cappelle op"]
[Site "Cappelle la Grande"]
[Date "1995.??.??"]
[Round "4"]
[White "Thierry, Patrice"]
[Black "Shumiakina, Tatiana"]
[Result "0-1"]
[WhiteElo "2155"]
[BlackElo "2350"]

1.e4 c5 2.Nf3 Nc6 3.Bb5 e6 4.O-O Nge7 5.Re1 a6 6.Bf1 d5 7.exd5 Qxd5 8.Nc3 Qd8
9.d3 Nf5 10.Ne4 Be7 11.c3 b6 12.Ng3 Nxg3 13.hxg3 Bb7 14.Qa4 Bf6 15.Bf4 O-O
16.Rad1 b5 17.Qc2 Rc8 18.Ne5 Bxe5 19.Bxe5 f6 20.Bf4 e5 21.Be3 Ne7 22.f4 Nf5
23.Bf2 exf4 24.gxf4 Qd7 25.Qe2 Bd5 26.b3 b4 27.Rc1 Bf7 28.Qd2 a5 29.cxb4 cxb4
30.Rxc8 Rxc8 31.Rc1 Ne7 32.d4 Nd5 33.Rc5 Nc3 34.Bd3 Bd5 35.Rxc8+ Qxc8 36.Be1 Qe8
37.Bf2 Qc6 38.Be1 Qe6 39.Qf2 Nxa2 40.Qxa2 Qxe1+ 41.Bf1 Qe3+ 42.Kh1 Qxf4 43.Bc4 Qh4+
44.Kg1 Qxd4+  0-1

[Event "Cappelle op"]
[Site "Cappelle la Grande"]
[Date "1995.??.??"]
[Round "4"]
[White "Skripchenko, Almira"]
[Black "Frolov, Artur"]
[Result "0-1"]
[WhiteElo "2260"]
[BlackElo "2545"]

1.e4 c5 2.Nf3 Nc6 3.Bb5 e6 4.O-O Nge7 5.c3 a6 6.Ba4 b5 7.Bc2 Bb7 8.a4 d5
9.d4 cxd4 10.axb5 axb5 11.Rxa8 Bxa8 12.Nxd4 Nxd4 13.Qxd4 dxe4 14.Qe5 Bd5
15.Rd1 Ng6 16.Qd4 Bd6 17.Na3 O-O 18.Nxb5 Be5 19.Qe3 Qb8 20.c4 Bxc4 21.Nc3 f5
22.g3 Bb3 23.Bxb3 Qxb3 24.Rd7 Rc8 25.Qa7 Qc2 26.Bf4 Nxf4 27.gxf4 Qc1+ 28.Rd1 Qxf4
29.Qd7 Qxh2+ 30.Kf1 Qh1+ 31.Ke2 Qh5+  0-1

[Event "Cappelle op"]
[Site "Cappelle la Grande"]
[Date "1995.??.??"]
[Round "5"]
[White "Suleimanov, Salman"]
[Black "Filipenko, Alexander V"]
[Result "1-0"]
[WhiteElo "2330"]
[BlackElo "2425"]

1.e4 c5 2.Nf3 Nc6 3.Bb5 e6 4.O-O Nge7 5.c3 a6 6.Ba4 b5 7.Bc2 Bb7 8.d4 cxd4
9.Nxd4 g6 10.Nd2 Bg7 11.N2f3 d5 12.Nxc6 Bxc6 13.e5 Qc7 14.Re1 Bd7 15.Bg5 Ng8
16.a4 h6 17.Bf4 g5 18.Bg3 bxa4 19.Bxa4 Ne7 20.Nd4 O-O 21.Bc2 Rfb8 22.Rb1 Rb6
23.h4 gxh4 24.Bxh4 Ng6 25.Qh5 Nxh4 26.Qxh4 Qd8 27.Qg3 Rab8 28.b4 Bb5 29.Re3 Bc4
30.Rbe1 a5 31.bxa5 Ra6 32.Qg4 Qg5 33.Qh3 Kf8 34.Rg3 Qd2 35.Ree3 Rxa5 36.Qg4 Ra1+
37.Kh2 Rc1 38.Qxg7+ Ke7 39.Qf6+  1-0

[Event "Cappelle op"]
[Site "Cappelle la Grande"]
[Date "1995.??.??"]
[Round "5"]
[White "Hennigan, Michael"]
[Black "Lanka, Zigurds"]
[Result "1/2-1/2"]
[WhiteElo "2410"]
[BlackElo "2510"]

1.e4 c5 2.Nf3 Nc6 3.Bb5 g6 4.Bxc6 dxc6 5.d3 Bg7 6.h3 Nf6 7.Nc3 Qc7 8.Be3 b6
9.Qd2 e5 10.O-O O-O 11.Nh2 Nh5 12.Ne2 Rd8 13.b3 Be6  1/2-1/2

[Event "Cappelle op"]
[Site "Cappelle la Grande"]
[Date "1995.??.??"]
[Round "6"]
[White "Fontaine, Robert"]
[Black "Nataf, Igor Alexandre"]
[Result "1-0"]
[WhiteElo "2200"]
[BlackElo "2340"]

1.e4 c5 2.Nf3 Nc6 3.Bb5 Na5 4.c3 a6 5.Be2 b5 6.O-O Nf6 7.a4 Nxe4 8.axb5 c4
9.d3 Nb3 10.dxe4 Nxa1 11.Bxc4 Bb7 12.b6 Bxe4 13.Be3 d5 14.b7 Rb8 15.Bxa6 Qa5
16.Qe2 f6 17.Nd4 Qc7 18.Ne6 Qa5 19.b4  1-0

[Event "Cappelle op"]
[Site "Cappelle la Grande"]
[Date "1995.??.??"]
[Round "7"]
[White "Prie, Eric"]
[Black "Abolianin, Arthur"]
[Result "0-1"]
[WhiteElo "2480"]
[BlackElo "2275"]

1.e4 c5 2.Nf3 Nc6 3.Bb5 g6 4.Bxc6 dxc6 5.d3 Bg7 6.Nc3 Nf6 7.Be3 Nd7 8.Qd2 h6
9.O-O-O Qa5 10.d4 b5 11.Kb1 b4 12.Ne2 Nb6 13.b3 c4 14.Ne5 Qb5 15.a4 bxa3
16.Nc3 a2+ 17.Kxa2 Qa6+ 18.Kb2 Qb7 19.Qe2 Be6 20.f4 cxb3 21.cxb3 Na4+ 22.Nxa4 Qxb3+
23.Kc1 Qxa4 24.Qc2 Bb3 25.Qxc6+ Qxc6+ 26.Nxc6 Bxd1 27.Rxd1 Kd7 28.d5 a5 29.Bd4 Bxd4
30.Rxd4 Rhc8 31.Kb2 Rc7 32.Ka2 Rb7 33.Rd3 a4 34.Rh3 f6 35.Rxh6 a3 36.Rh7 Kd6
37.e5+ Kxd5 38.Nxe7+ Ke4 39.exf6 Rb2+ 40.Ka1 a2  0-1

[Event "Cappelle op"]
[Site "Cappelle la Grande"]
[Date "1995.??.??"]
[Round "8"]
[White "Skripchenko, Almira"]
[Black "Petkevich, Jusefs"]
[Result "1/2-1/2"]
[WhiteElo "2260"]
[BlackElo "2460"]

1.e4 c5 2.Nf3 Nc6 3.Bb5 Qc7 4.O-O e6 5.Nc3 Nd4 6.Nxd4 cxd4 7.Ne2 Nf6 8.d3 Bc5
9.Kh1 a6 10.Ba4 b5 11.Bb3 Bb7 12.f4 h5 13.a4 b4 14.a5 h4 15.h3 Nh5 16.Qe1 f5
17.exf5 Qc6 18.Rf3 O-O-O 19.fxe6 dxe6 20.Qxh4 Rdf8 21.Qg4 Kb8 22.Bd2 Nf6
23.Qg3 Nh5 24.Qg4 Rf6 25.Ng3 Qe8 26.Ne4 Bxe4 27.dxe4 Rg6 28.Qh4 Ng3+ 29.Qxg3 Rxg3
30.Rxg3 Qb5 31.Re1 Rd8 32.Rd3 Re8 33.Ra1 Re7 34.e5 Qc6 35.Re1 Qc7 36.Ra1 Qc6
37.Kh2 Kb7 38.Bc4 Qe4 39.Re1 Qf5 40.g4 Qh7 41.Re2 Re8 42.Be1 g6 43.Rf3 Qc7
44.Bg3 Qxa5 45.f5 gxf5 46.gxf5 exf5 47.Rxf5 Qa1 48.b3 d3 49.Re1 Qc3 50.Bxd3 Rg8
51.Rf7+ Kb6 52.Rf6+ Kc7 53.Rff1 Qd2+ 54.Re2 Qg5 55.Rg2 Qe3 56.Re1 Qf3 57.Ree2 Be3
58.e6+ Rxg3 59.Rxg3 Bf4 60.Rg2 a5 61.Bc4 Kd6 62.Rd2+ Ke7 63.Rd7+ Ke8 64.Rg7 Bxg3+
65.Rxg3 Qf4 66.Kg2 Qe4+ 67.Kf1 Qxc2 68.Rg8+ Ke7 69.Rg7+ Kf6 70.Rf7+ Kg6 71.Rf3 Qc1+
72.Ke2 Qb2+ 73.Kd3 Qe5 74.Kc2 Kg5 75.Kd2 Qb2+ 76.Kd3  1/2-1/2

[Event "Cappelle op"]
[Site "Cappelle la Grande"]
[Date "1995.??.??"]
[Round "8"]
[White "Zaitsev, Igor A"]
[Black "Volodin, Viktor"]
[Result "1-0"]
[WhiteElo "2455"]
[BlackElo "2340"]

1.e4 c5 2.Nf3 Nc6 3.Bb5 g6 4.O-O Bg7 5.c3 Nf6 6.e5 Nd5 7.d4 cxd4 8.cxd4 O-O
9.Nc3 Nc7 10.a4 d6 11.Bg5 h6 12.Bh4 Bg4 13.Bxc6 bxc6 14.h3 Bf5 15.exd6 Qxd6
16.Bg3 Qd7 17.Be5 Nd5 18.Bxg7 Nxc3 19.bxc3 Kxg7 20.Re1 Rad8 21.Qc1 Qd6 22.c4 Rfe8
23.Qc3 Qf6 24.Re5 h5 25.Rae1 Rd7 26.Rc5 Red8 27.Rce5 Rb8 28.Ra5 Rdb7 29.Qe3 Bxh3
30.gxh3 Rb3 31.Qe5  1-0

[Event "Ceske Budejovice op"]
[Site "Ceske Budejovice"]
[Date "1995.??.??"]
[Round "3"]
[White "Zolnierowicz, Krzysztof"]
[Black "Faibisovich, Vadim Z"]
[Result "1-0"]
[WhiteElo "2340"]
[BlackElo "2455"]

1.e4 c5 2.Nf3 Nc6 3.Bb5 g6 4.O-O Bg7 5.c3 a6 6.Bxc6 dxc6 7.d3 Nf6 8.Qe2 O-O
9.a4 a5 10.Na3 Be6 11.Be3 b6 12.h3 Qd7 13.Bf4 Rad8 14.Ne5 Qb7 15.Nac4 Nd7
16.Nf3 Rfe8 17.Nfd2 f6 18.Bh2 Nf8 19.f4 f5 20.Kh1 Qd7 21.Rf3 b5 22.Nxa5 c4
23.d4 Ra8 24.b4 cxb3 25.Naxb3 fxe4 26.Rff1 Bxb3 27.Nxb3 Qd5 28.Nc5 b4 29.cxb4 Qxd4
30.Rab1 Reb8 31.Rfd1 Qf6 32.Qxe4  1-0

[Event "Ceske Budejovice op"]
[Site "Ceske Budejovice"]
[Date "1995.??.??"]
[Round "3"]
[White "Rehorek, Martin"]
[Black "Reinhard, Markus"]
[Result "1-0"]
[WhiteElo "2335"]
[BlackElo "2180"]

1.e4 c5 2.Nf3 Nc6 3.Bb5 g6 4.O-O Bg7 5.Re1 Nd4 6.Nxd4 cxd4 7.d3 e6 8.Nd2 a6
9.Ba4 b5 10.Bb3 Ne7 11.f4 O-O 12.Nf3 d6 13.Qe2 Nc6 14.Qf2 a5 15.a4 b4 16.g4 Bd7
17.Kh1 Rc8 18.Bd2 e5 19.f5 Kh8 20.Ng5  1-0

[Event "Ceske Budejovice op"]
[Site "Ceske Budejovice"]
[Date "1995.??.??"]
[Round "5"]
[White "Sarakauskas, Gediminas"]
[Black "Hrabe, Petr"]
[Result "1-0"]
[WhiteElo "2175"]
[BlackElo "2305"]

1.e4 c5 2.Nf3 Nc6 3.Bb5 g6 4.O-O Bg7 5.Nc3 e5 6.d3 Nge7 7.Bg5 O-O 8.Qd2 a6
9.Bc4 b5 10.Bb3 d6 11.a4 b4 12.Nd5 Be6 13.h3 Bxd5 14.Bxd5 Rc8 15.Nh2 Qd7
16.Bc4 Kh8 17.Bxa6 Nd4 18.Bxc8 Rxc8 19.Ng4 f5 20.Ne3 f4 21.Bxe7 Qxe7 22.Nd5 Qh4
23.f3 g5 24.a5 g4 25.hxg4 h5 26.gxh5 Qxh5 27.a6 Ra8 28.Ra2 Ra7 29.c3 b3 30.Ra3 Nc2
31.Rxb3 Ne3 32.Nxe3 fxe3 33.Qxe3 Bh6 34.f4 Bxf4 35.Qh3 Qxh3 36.gxh3 Rxa6
37.Rb7 Ra2 38.Kg2 Ra8  1-0

[Event "Ceuta"]
[Site "Ceuta"]
[Date "1995.??.??"]
[Round "6"]
[White "Garcia Luque, Agustin"]
[Black "Glavina, Pablo"]
[Result "1/2-1/2"]
[WhiteElo "2370"]
[BlackElo "2400"]

1.e4 c5 2.Nf3 Nc6 3.Bb5 d6 4.O-O Bd7 5.c3 Nf6 6.Re1 a6 7.Ba4 c4 8.d4 cxd3
9.Bxc6 Bxc6 10.Qxd3 g6 11.Na3 Bg7 12.e5 dxe5 13.Qxd8+ Rxd8 14.Nxe5 Bd5 15.Be3 Nd7
16.Nxd7 Rxd7 17.Nc2 O-O 18.Bd4 f6 19.f4 Bf7 20.Nb4 e5 21.fxe5 fxe5 22.Bxe5 Rd2
23.Bxg7 Kxg7 24.Re5 Re8 25.Rxe8 Bxe8 26.Re1 Bf7 27.Re5 Rxb2 28.a4 Rb3 29.Rc5 b6
30.Rc7 a5 31.Nd5 b5 32.axb5 Rxb5 33.c4 Rb2 34.Ra7 Ra2 35.c5 Rc2 36.Nf4 Kf6
37.Rxa5 Bc4 38.c6 g5 39.Nh5+ Kg6 40.Rc5 Kxh5 41.c7 Rc1+ 42.Kf2 Rf1+  1/2-1/2

[Event "Ceuta"]
[Site "Ceuta"]
[Date "1995.??.??"]
[Round "8"]
[White "Garcia Luque, Agustin"]
[Black "Komljenovic, Davor"]
[Result "1/2-1/2"]
[WhiteElo "2370"]
[BlackElo "2465"]

1.e4 c5 2.Nf3 Nc6 3.Bb5 g6 4.O-O Bg7 5.Re1 a6 6.Bxc6 bxc6 7.Nc3 e5 8.d3 d6
9.Be3 Nf6 10.a3 a5 11.Rb1 a4 12.b4 axb3 13.cxb3 Rxa3 14.Na4 Ra2 15.b4 cxb4
16.Bb6 Qd7 17.d4 O-O 18.Rxb4 exd4 19.Rxd4 Qb7 20.Qb1 Be6 21.Ng5 Ra8 22.Nxe6 R2xa4
23.Rxa4 Rxa4 24.Nxg7 Kxg7 25.Qc2 Rb4 26.Ba5 Rb2 27.Qc3 Rb1 28.h3 c5 29.e5 dxe5
30.Qxe5 Rxe1+ 31.Bxe1 Qe4 32.Qc3 g5 33.Bd2 Kg6 34.Be3 c4 35.Qa5 Nd5 36.Qa6+ f6
37.Bc5 c3 38.Qc8 Qe1+ 39.Kh2 Qe5+ 40.Kg1 c2 41.Qg8+ Kf5 42.Qxh7+ Ke6 43.Qxc2 Nf4
44.Qb3+ Qd5 45.Qxd5+ Kxd5 46.Be7 Ke6 47.Bd8 Kf5 48.Kh2 Nd5 49.Kg3 Kg6 50.Kf3 f5
51.g4 Nc3 52.Ke3 Nd5+ 53.Kf3 Nc3 54.Ba5 Nb5 55.Ke3 Nd6 56.Bc7 Nf7 57.Kd4 fxg4
58.hxg4 Nh6 59.f3 Nf7 60.Kd5 Nh6 61.Ke6 Nf7 62.Ba5 Nh6 63.Bd8 Nf7 64.Bf6 Nh6
65.Be7 Nf7 66.Bf8 Nd8+ 67.Kd7 Nf7 68.Bd6 Nh6  1/2-1/2

[Event "US-op"]
[Site "Concord"]
[Date "1995.??.??"]
[Round "12"]
[White "Curdo, John"]
[Black "Jones, Charles B"]
[Result "1-0"]
[WhiteElo "2275"]
[BlackElo "2225"]

1.e4 c5 2.Nf3 Nc6 3.Bb5 g6 4.O-O Bg7 5.c3 Nf6 6.Re1 O-O 7.h3 d5 8.e5 Ne8
9.d4 Qb6 10.Bf1 cxd4 11.cxd4 Bf5 12.Nc3 Rd8 13.Na4 Qc7 14.a3 f6 15.Bf4 fxe5
16.Nxe5 Be4 17.Rxe4 Qc8 18.Nc5 dxe4 19.Bc4+ Kh8 20.Be6 Qa8 21.Nxg6+ hxg6
22.Qg4 Rxf4 23.Qxf4 Nf6 24.d5 Nd4 25.Qh4+ Nh5 26.Qxe4 Nxe6 27.Nxe6 Kh7 28.Rc1 Rd7
29.Rd1 Bxb2 30.f4 Ng7 31.Ng5+ Kg8 32.Qxg6 e5  1-0

[Event "Copenhagen BSF"]
[Site "Copenhagen"]
[Date "1995.??.??"]
[Round "4"]
[White "Glek, Igor V"]
[Black "Mortensen, Erling"]
[Result "1-0"]
[WhiteElo "2590"]
[BlackElo "2500"]

1.e4 c5 2.Nf3 Nc6 3.Bb5 g6 4.O-O Bg7 5.Re1 Nf6 6.c3 O-O 7.e5 Nd5 8.d4 cxd4
9.cxd4 d6 10.Nc3 Nc7 11.exd6 exd6 12.Bg5 f6 13.Bf4 g5 14.Bg3 g4 15.d5 Nxb5
16.Nxb5 Ne5 17.Nfd4 f5 18.Bf4 a6 19.Nc3 Ng6 20.Ne6 Bxe6 21.dxe6 Be5 22.Nd5 Bxf4
23.Nxf4 Ne5 24.Rc1 Qg5 25.Qxd6 Qxf4 26.Qxe5 Qxe5 27.Rxe5 Rae8 28.Rc7 Rf6
29.Rxb7 Rfxe6 30.Rxe6 Rxe6 31.g3 h5 32.Kg2 Rf6 33.a4 f4 34.gxf4 Rxf4 35.a5 Ra4
36.b4 h4 37.Rb6 Kf7 38.Rxa6 Rxb4 39.Rh6 h3+ 40.Kg3 Ra4 41.a6 Kg7 42.Rb6 Kf7
43.Kh4 Kg7 44.Kh5 Kf7 45.Kg5 Ke7 46.Kf5 Kd7 47.Rg6 Ke7 48.Rg7+ Kd6 49.Rxg4 Ra2
50.Rg6+ Ke7 51.Kg4 Rxf2 52.Kxh3 Ra2 53.Kg3 Ra3+ 54.Kf4 Ra4+ 55.Ke5 Kf7 56.Rh6 Ra2
57.Kd5 Kg7 58.Rb6  1-0